000 00376nam a2200157Ia 4500
008 230312s9999||||xx |||||||||||||| ||und||
020 _a81-317-2813-0
082 _a629.135
_bPAL-A
100 _aPallatt;E,H
245 0 _aAircraft Instruments
260 _bPearson
_aIndia
_c2009
300 _a414
546 _aEng.
650 _aAviation
_vAircraft Instruments
942 _cBK
999 _c7642
_d7642